Southville International School and Colleges
Your cart is empty.
  • Cart
  • Lists
    Public lists Eva Luna New books Lux_list list_1
    Your lists Log in to create your own lists
  • Log in to your account
  • Your cookies
  • Search history
Southville International School and Colleges
  • Advanced search
  • Recent comments
  • Most popular
  • Libraries

Log in to your account

Log in with GOOGLE


If you do not have an external account, but do have a local account, you can still log in:

  1. Home
  2. MARC view: Case studies in nursing ethics /
Normal view MARC view ISBD view

Case studies in nursing ethics / (Record no. 18488)

[ view plain ]
MARC details
000 -LEADER
fixed length control field 00589nam a22002177a 4500
003 - CONTROL NUMBER IDENTIFIER
control field FEu
005 - DATE AND TIME OF LATEST TRANSACTION
control field 20150829104904.0
008 - FIXED-LENGTH DATA ELEMENTS--GENERAL INFORMATION
fixed length control field 130219t xxu||||| |||| 00| 0 eng d
020 ## - INTERNATIONAL STANDARD BOOK NUMBER
International Standard Book Number 9780763730376
020 ## - INTERNATIONAL STANDARD BOOK NUMBER
International Standard Book Number 0763730378
050 ## - LIBRARY OF CONGRESS CALL NUMBER
Classification number RT 85
Item number .V4 2006
100 ## - MAIN ENTRY--PERSONAL NAME
Personal name Veatch, Robert M.
245 ## - TITLE STATEMENT
Title Case studies in nursing ethics /
Statement of responsibility, etc Robert M. Veatch.
250 ## - EDITION STATEMENT
Edition statement 3rd edition.
260 ## - PUBLICATION, DISTRIBUTION, ETC. (IMPRINT)
Place of publication, distribution, etc Sudbury, MA :
Name of publisher, distributor, etc Jones and Bartlett Publishers,
Date of publication, distribution, etc 2006.
300 ## - PHYSICAL DESCRIPTION
Extent xvii, 460 pages :
Dimensions 22 cm.
526 ## - STUDY PROGRAM INFORMATION NOTE
Reading level 1210L-1700L
942 ## - ADDED ENTRY ELEMENTS (KOHA)
Source of classification or shelving scheme Library of Congress Classification
Koha item type Books
Call number prefix Foreign
Holdings
Withdrawn status Lost status Source of classification or shelving scheme Damaged status Home library Current library Shelving location Date acquired Total Checkouts Full call number Barcode Date last seen Copy number Price effective from Koha item type Date checked out Source of acquisition Sub Shelving location
    Library of Congress Classification   College Library College Library General Circulation Section 02/19/2013   RT 85 .V4 2006 C8747 05/15/2018 1 03/10/2014 Books      
    Library of Congress Classification   College Library College Library General Circulation Section 06/22/2012 1 RT 85 .V4 2006 C15107 05/15/2018 2 03/10/2014 Books 02/24/2015    
    Library of Congress Classification   College Library College Library General Circulation Section 08/29/2015   RT 85 .V4 2006 C19868 05/15/2018   08/29/2015 Books   Donation  

Case studies in nursing ethics /

APA

Veatch R. M., . (2006). Case studies in nursing ethics. Sudbury, MA: Jones and Bartlett Publishers.

Chicago

Veatch Robert M, . 2006. Case studies in nursing ethics. Sudbury, MA: Jones and Bartlett Publishers.

Harvard

Veatch R. M., . (2006). Case studies in nursing ethics. Sudbury, MA: Jones and Bartlett Publishers.

MLA

Veatch Robert M, . Case studies in nursing ethics. Sudbury, MA: Jones and Bartlett Publishers. 2006.

  • Place hold
  • Print
  • Cite
  • Add to your cart (remove)
  • Save record
    BIBTEX Dublin Core MARCXML MARC (non-Unicode/MARC-8) MARC (Unicode/UTF-8) MARC (Unicode/UTF-8, Standard) MODS (XML) RIS
  • More searches
    Search for this title in:
    Other Libraries (WorldCat) Other Databases (Google Scholar) Online Stores (Bookfinder.com) Open Library (openlibrary.org)

Exporting to Dublin Core...

SOUTHVILLE LIBRARY

Southville International School and Colleges Library

1281 Tropical Ave. Cor. Luxembourg St., BF Homes International, Las Pinas City

Tel. No. 8256374 / 252358 Loc. 117/146

Powered by Koha